000 00715cam a2200241 4500500
005 20260405001642.0
041 _afre
042 _adc
100 1 0 _aLacroix, Alexandre
_eauthor
245 0 0 _aPourquoi changer le statut juridique de l’animal ?
260 _c2013.
500 _a42
690 _aAnimal
690 _aElisabeth de Fontenay
690 _aLoi
690 _aPeter Singer
690 _aPétition Antispécisme
690 _aPragmatisme
690 _aRésonances
690 _aTom Regan
786 0 _nPhilosophie magazine | 75 | 12 | 2013-12-01 | p. 3-3 | 1951-1787
856 4 1 _uhttps://shs.cairn.info/magazine-philosophie-magazine-2013-12-page-3?lang=fr&redirect-ssocas=7080
999 _c2049714
_d2049714